000 01253nam a22003137a 4500
001 BR8601207
003 BR-BrBNA
005 20230928092243.0
007 ta
008 230509b bl.||||| |||| 00| 0 por d
040 _aBR-BrBNA
_bpor
_cBiblioteca Nacional de Agricultura
041 _a(Por)
072 _aP06
_b8905
_b0316
_b0329
_b3240
090 _ 8905 BR8601207
100 1 _aSilva, J. de C.
110 1 _aEscola Superior de Agricultura Luiz de Queiroz, Piracicaba, SP (Brasil)
_0Dissertacao (Mestre em Engenharia Florestal)
245 1 _aEndocarpos de babacu (Orbignya spp. Mart.)e de macauba (Acrocomia sclerocarpa Mart.)comparados a madeira de Eucalyptus grandis W. Hill Ex. Maiden para producao de carvao vegetal
246 1 _aBabacu (Orbignya spp. Mart.)and Macauba (Acrocomia sclerocarpa Mart.)endocarps compared to Eucalyptus grandis W. Hill ex Maiden wood for production of charcoal
260 3 _aPiracicaba, SP (Brasil):
_c1986.
300 _a112 p.
500 _a36 tables; 11 illus.; Bibliography p. 99-108 (71 ref.); Summaries (Eng, Por)
650 _aCARVAO VEGETAL
650 _aBABACU
650 _aMACAUBA
650 _aEUCALIPTO
650 _aCARBONIZACAO
909 _a202309
_bLucia
_c55
_dLucia Elande
942 _cBK
999 _c37936
_d37936